Score 0/25 Timer 06:00
0 Plays Today
% Correct
Carpe
94.4%
Hakuna
94.4%
Yachta
90.8%
License To
90.3%
High Class
88.3%
Sea Yawl
87.8%
Aqua-
86.9%
Campbell's
86.6%
African
86.4%
Marlin
85.3%
Seas
83.5%
The Cod-
81.9%
Dog
81.7%
% Correct
Wet
81.6%
Three Hour
81%
Pier
79.8%
Anchor
77%
Liquid
75.4%
She Got
74.2%
Actual
74.2%
Knot
73.5%
A Salt
71.7%
Sails
64.6%
Unsinkable
59.7%
Luna
59.6%
Remove Ads.
Support Sporcle.
Get the best of Sporcle when you Go Orange. This ad-free experience offers more features, more stats, and more fun while also helping to support Sporcle. Thank you for becoming a member.

You're not logged in!

Compare scores with friends on all Sporcle quizzes.
OR
Log In

Show Comments

Extras

Top Quizzes Today


Score Distribution

Your Account Isn't Verified!

In order to create a playlist on Sporcle, you need to verify the email address you used during registration. Go to your Sporcle Settings to finish the process.

Report this User

Report this user for behavior that violates our Community Guidelines.

Details: